00680nam a2200169 a 450000100100000000500170001000800410002704000130006808200100008111000810009124500750017226001010024730000290034804900090037795201090038699900150049500000610520200929151930.0090826s1948 dr c 000 0 spa d aDO-SdBNP bL681s1 aRepública Dominicana. Secretaría de Estado de Economía Nacional91719910aLey sobre exploración y explotación de minas, canteras y turberas. aCiudad Trujillo, República Dominicana :bSecretaría de Estado de Economía Nacional,c1948. a24 p. :bretr. ;c24 cm. aBNPD 0010718PDaPDbPDcCTd2009-08-26iLF1l0o L681sp6105-10r2020-06-25w2020-06-25yLFPDZNo se presta c5901d5901